| 000 | 00334nam a2200109Ia 4500 | ||
|---|---|---|---|
| 008 | 171211s9999 xx 000 0 und d | ||
| 245 | _aPractical Enterprise Risk Management: A Business Process Approach | ||
| 245 | _cGregory H. Duckert | ||
| 260 | _c2010 | ||
| 650 | _xEconomics | ||
| 856 | _uhttp://down.ebook777.com/065/0470559853.pdf | ||
| 999 |
_c348082 _d348082 |
||